[Event "2024 National Middle School Championship"]
[Site "Atlanta, Georgia, United States"]
[Date "2024.05.12"]
[Round "6.1"]
[White "Vemparala, Nikash"]
[Black "Liu, Eric Chang"]
[Result "1/2-1/2"]
[TimeControl "G/90;d10"]
[WhiteElo "2171"]
[BlackElo "2468"]

1. e4 {[%clk 01:29:45]} {[%emt 00:00:24]} e5 {[%clk 01:30:00]} {[%emt
00:00:08]} 2. Nf3 {[%clk 01:29:42]} {[%emt 00:00:13]} Nc6 {[%clk 01:30:00]}
{[%emt 00:00:07]} 3. Bc4 {[%clk 01:29:39]} {[%emt 00:00:13]} Nf6 {[%clk
01:30:00]} {[%emt 00:00:08]} 4. d3 {[%clk 01:29:39]} {[%emt 00:00:05]} Bc5
{[%clk 01:21:33]} {[%emt 00:08:38]} 5. c3 {[%clk 01:28:48]} {[%emt 00:01:01]}
d6 {[%clk 01:21:33]} {[%emt 00:00:06]} 6. O-O {[%clk 01:27:55]} {[%emt
00:01:02]} a5 {[%clk 01:21:33]} {[%emt 00:00:04]} 7. a4 {[%clk 01:23:43]}
{[%emt 00:04:22]} O-O {[%clk 01:19:37]} {[%emt 00:02:06]} 8. Nbd2 {[%clk
01:21:44]} {[%emt 00:02:09]} Ba7 {[%clk 01:15:49]} {[%emt 00:03:58]} 9. Bb3
{[%clk 01:15:15]} {[%emt 00:06:38]} Re8 {[%clk 01:03:58]} {[%emt 00:12:01]} 10.
Nc4 {[%clk 01:07:32]} {[%emt 00:07:54]} h6 {[%clk 00:56:46]} {[%emt 00:07:21]}
11. Be3 {[%clk 01:05:24]} {[%emt 00:02:18]} Bxe3 {[%clk 00:39:15]} {[%emt
00:17:41]} 12. fxe3 {[%clk 00:54:53]} {[%emt 00:10:41]} Be6 {[%clk 00:36:18]}
{[%emt 00:03:07]} 13. Qe1 {[%clk 00:41:07]} {[%emt 00:13:56]} Ne7 {[%clk
00:35:56]} {[%emt 00:00:32]} 14. Nh4 {[%clk 00:39:03]} {[%emt 00:02:14]} c6
{[%clk 00:29:05]} {[%emt 00:07:01]} 15. Qg3 {[%clk 00:35:07]} {[%emt 00:04:06]}
Kh8 {[%clk 00:21:55]} {[%emt 00:07:20]} 16. Nf5 {[%clk 00:27:53]} {[%emt
00:07:24]} Nxf5 {[%clk 00:19:14]} {[%emt 00:02:51]} 17. exf5 {[%clk 00:27:53]}
{[%emt 00:00:03]} Bxc4 {[%clk 00:19:14]} {[%emt 00:00:08]} 18. Bxc4 {[%clk
00:27:26]} {[%emt 00:00:37]} d5 {[%clk 00:19:14]} {[%emt 00:00:06]} 19. Ba2
{[%clk 00:27:13]} {[%emt 00:00:23]} Qe7 {[%clk 00:17:40]} {[%emt 00:01:45]} 20.
Rae1 {[%clk 00:23:24]} {[%emt 00:03:58]} Rab8 {[%clk 00:16:37]} {[%emt
00:01:14]} 21. e4 {[%clk 00:21:28]} {[%emt 00:02:05]} dxe4 {[%clk 00:15:05]}
{[%emt 00:01:41]} 22. dxe4 {[%clk 00:21:12]} {[%emt 00:00:26]} Rbd8 {[%clk
00:13:43]} {[%emt 00:01:32]} 23. Qe3 {[%clk 00:20:14]} {[%emt 00:01:09]} Rd7
{[%clk 00:13:32]} {[%emt 00:00:22]} 24. Bb3 {[%clk 00:16:22]} {[%emt 00:04:01]}
Red8 {[%clk 00:11:09]} {[%emt 00:02:32]} 25. Rd1 {[%clk 00:16:22]} {[%emt
00:00:05]} Rxd1 {[%clk 00:10:02]} {[%emt 00:01:23]} 26. Rxd1 {[%clk 00:16:22]}
Rxd1+ {[%clk 00:09:52]} {[%emt 00:00:16]} 27. Bxd1 {[%emt 00:00:02]} Qd6 {[%clk
00:08:34]} {[%emt 00:01:26]} 28. Be2 {[%clk 00:16:22]} {[%emt 00:00:10]} Nd7
{[%clk 00:07:02]} {[%emt 00:01:42]} 29. Qd3 {[%clk 00:11:21]} {[%emt 00:05:12]}
Qxd3 {[%clk 00:05:28]} {[%emt 00:01:44]} 30. Bxd3 {[%clk 00:11:21]} Nc5 {[%clk
00:05:28]} {[%emt 00:00:08]} 31. Bc2 {[%clk 00:11:21]} {[%emt 00:00:04]} Kg8
{[%clk 00:04:55]} {[%emt 00:00:43]} 32. Kf2 {[%clk 00:10:42]} {[%emt 00:00:49]}
b5 {[%clk 00:04:43]} {[%emt 00:00:23]} 33. axb5 {[%clk 00:09:14]} {[%emt
00:01:38]} cxb5 {[%clk 00:04:43]} {[%emt 00:00:02]} 34. b4 {[%clk 00:08:12]}
{[%emt 00:01:12]} axb4 {[%clk 00:04:43]} 35. cxb4 {[%clk 00:08:12]} {[%emt
00:00:01]} Na6 {[%clk 00:04:43]} 36. Bd3 {[%clk 00:08:12]} Nxb4 {[%clk
00:04:43]} {[%emt 00:00:02]} 37. Bxb5 {[%clk 00:08:12]} Nc2 {[%clk 00:04:27]}
{[%emt 00:00:26]} 38. Ba4 {[%clk 00:07:40]} {[%emt 00:00:42]} Nd4 {[%clk
00:04:26]} {[%emt 00:00:11]} 39. Ke3 {[%clk 00:07:40]} {[%emt 00:00:08]} Kf8
{[%clk 00:04:26]} {[%emt 00:00:02]} 40. Kd3 {[%clk 00:07:28]} {[%emt 00:00:22]}
Ke7 {[%clk 00:04:26]} 41. Bd1 {[%clk 00:07:24]} {[%emt 00:00:14]} Kd6 {[%clk
00:04:11]} {[%emt 00:00:24]} 42. Kc4 {[%clk 00:07:24]} {[%emt 00:00:07]} g6
{[%clk 00:03:19]} {[%emt 00:01:03]} 43. fxg6 {[%clk 00:06:45]} {[%emt
00:00:50]} fxg6 {[%clk 00:03:19]} {[%emt 00:00:01]} 44. h4 {[%clk 00:06:45]}
{[%emt 00:00:09]} Ne6 {[%clk 00:03:08]} {[%emt 00:00:20]} 45. g3 {[%clk
00:06:10]} {[%emt 00:00:45]} Nc5 {[%clk 00:03:08]} {[%emt 00:00:05]} 46. Bc2
{[%clk 00:05:56]} {[%emt 00:00:24]} Nd7 {[%clk 00:03:08]} {[%emt 00:00:03]} 47.
Bd1 {[%clk 00:05:10]} {[%emt 00:00:56]} Nf6 {[%clk 00:03:08]} {[%emt 00:00:02]}
48. Bf3 {[%clk 00:05:10]} {[%emt 00:00:08]} Kc6 {[%clk 00:03:08]} {[%emt
00:00:02]} 49. Kb4 {[%clk 00:05:08]} {[%emt 00:00:11]} Kd6 {[%clk 00:02:37]}
{[%emt 00:00:42]} 50. Kc4 {[%clk 00:05:08]} Nh7 {[%clk 00:02:37]} {[%emt
00:00:06]} 51. Kb4 {[%clk 00:03:52]} {[%emt 00:01:26]} Nf8 {[%clk 00:02:37]}
{[%emt 00:00:03]} 52. Kc4 {[%clk 00:03:38]} {[%emt 00:00:24]} Ne6 {[%clk
00:02:37]} {[%emt 00:00:03]} 53. Bd1 {[%clk 00:03:27]} {[%emt 00:00:20]} Kc6
{[%clk 00:02:30]} {[%emt 00:00:17]} 54. Ba4+ {[%clk 00:03:24]} {[%emt
00:00:14]} Kd6 {[%clk 00:02:30]} 55. Bd1 {[%clk 00:03:24]} {[%emt 00:04:10]}
Nf8 {[%clk 00:04:30]} {[%emt 00:00:08]} 56. Bf3 {[%clk 00:03:12]} {[%emt
00:00:22]} Nd7 {[%clk 00:04:30]} {[%emt 00:00:03]} 57. Bd1 {[%clk 00:03:12]}
{[%emt 00:00:09]} Nf6 {[%clk 00:04:30]} {[%emt 00:00:04]} 58. Bf3 {[%clk
00:03:12]} {[%emt 00:00:03]} g5 {[%clk 00:04:30]} {[%emt 00:00:07]} 59. hxg5
{[%clk 00:02:42]} {[%emt 00:00:39]} hxg5 {[%clk 00:04:30]} 60. Kb4 {[%clk
00:02:42]} {[%emt 00:00:07]} g4 {[%clk 00:04:30]} {[%emt 00:00:06]} 61. Be2
{[%clk 00:02:42]} {[%emt 00:00:06]} Ke6 {[%clk 00:03:15]} {[%emt 00:01:25]} 62.
Kc4 {[%clk 00:02:42]} {[%emt 00:00:03]} Nxe4 {[%clk 00:02:52]} {[%emt
00:00:33]} 63. Bxg4+ {[%clk 00:02:42]} {[%emt 00:00:01]} Kf6 {[%clk 00:02:52]}
{[%emt 00:00:03]} 64. Be2 {[%clk 00:02:39]} {[%emt 00:00:13]} Nxg3 {[%clk
00:02:52]} {[%emt 00:00:01]} 65. Bd3 {[%clk 00:02:39]} Nf5 {[%clk 00:02:52]}
{[%emt 00:00:02]} 66. Kc3 {[%clk 00:02:34]} {[%emt 00:00:15]} Kg5 {[%clk
00:02:52]} {[%emt 00:00:05]} 67. Kd2 {[%clk 00:02:34]} {[%emt 00:00:05]} Nd6
{[%clk 00:02:52]} {[%emt 00:00:09]} 68. Ke3 {[%clk 00:02:34]} {[%emt 00:00:04]}
Kf6 {[%clk 00:02:52]} {[%emt 00:00:08]} 69. Kd2 {[%clk 00:02:29]} {[%emt
00:00:15]} Nb7 {[%clk 00:02:52]} {[%emt 00:00:08]} 70. Ke3 {[%clk 00:02:29]}
{[%emt 00:00:05]} Nc5 {[%clk 00:02:52]} {[%emt 00:00:02]} 71. Bc2 {[%clk
00:02:29]} Ke6 {[%clk 00:02:52]} {[%emt 00:00:04]} 72. Bh7 {[%clk 00:02:29]}
{[%emt 00:00:08]} Kd5 {[%clk 00:02:52]} {[%emt 00:00:06]} 73. Bb1 {[%clk
00:02:29]} {[%emt 00:00:05]} Nd7 {[%clk 00:02:52]} {[%emt 00:00:08]} 74. Be4+
{[%clk 00:02:29]} {[%emt 00:00:03]} Kc4 {[%clk 00:02:52]} {[%emt 00:00:06]} 75.
Bd3+ {[%clk 00:02:29]} {[%emt 00:00:06]} Kd5 {[%clk 00:02:52]} {[%emt
00:00:07]} 76. Be4+ {[%clk 00:02:29]} Kd6 {[%clk 00:02:52]} {[%emt 00:00:04]}
77. Bh7 {[%clk 00:02:29]} {[%emt 00:00:04]} Nf6 {[%clk 00:02:52]} {[%emt
00:00:03]} 78. Be4 {[%clk 00:01:56]} {[%emt 00:00:43]} Ke6 {[%clk 00:02:52]}
{[%emt 00:00:09]} 79. Bf3 {[%clk 00:01:56]} {[%emt 00:00:03]} Kf5 {[%clk
00:02:52]} {[%emt 00:00:04]} 80. Bb7 {[%clk 00:01:56]} {[%emt 00:00:08]} Ng4+
{[%clk 00:02:52]} {[%emt 00:00:09]} 81. Kf3 {[%clk 00:01:56]} {[%emt 00:00:06]}
Nh6 {[%clk 00:02:52]} {[%emt 00:00:10]} 82. Ke3 {[%clk 00:01:56]} {[%emt
00:00:06]} Nf7 {[%clk 00:02:52]} {[%emt 00:00:04]} 83. Be4+ {[%clk 00:01:56]}
{[%emt 00:00:06]} Kf6 {[%clk 00:02:52]} {[%emt 00:00:06]} 84. Bb1 {[%clk
00:01:53]} {[%emt 00:00:12]} Nd6 {[%clk 00:02:52]} {[%emt 00:00:04]} 85. Bd3
{[%clk 00:01:53]} {[%emt 00:00:02]} 1/2-1/2

[Event "2024 National Middle School Championship"]
[Site "Atlanta, Georgia, United States"]
[Date "2024.05.12"]
[Round "6.2"]
[White "Paragua, Megan Althea"]
[Black "Wang, Kyle Y"]
[Result "1/2-1/2"]
[TimeControl "G/90;d10"]
[WhiteElo "2198"]
[BlackElo "2115"]

1. e4 {[%clk 01:28:22]} {[%emt 00:01:47]} e5 {[%clk 01:30:00]} {[%emt
00:00:06]} 2. Nf3 {[%clk 01:28:22]} {[%emt 00:00:04]} Nc6 {[%clk 01:30:00]}
{[%emt 00:00:04]} 3. Bb5 {[%clk 01:27:50]} {[%emt 00:00:41]} a6 {[%clk
01:30:00]} {[%emt 00:00:05]} 4. Ba4 {[%clk 01:27:45]} {[%emt 00:00:15]} Nf6
{[%clk 01:30:00]} {[%emt 00:00:05]} 5. d4 {[%clk 01:27:16]} {[%emt 00:00:39]}
exd4 {[%clk 01:28:19]} {[%emt 00:01:52]} 6. O-O {[%clk 01:26:54]} {[%emt
00:00:31]} Be7 {[%clk 01:26:51]} {[%emt 00:01:38]} 7. e5 {[%clk 01:24:36]}
{[%emt 00:02:28]} Ne4 {[%clk 01:26:11]} {[%emt 00:00:49]} 8. Nxd4 {[%clk
01:18:11]} {[%emt 00:06:35]} Nc5 {[%clk 01:22:56]} {[%emt 00:03:26]} 9. Nf5
{[%clk 01:17:07]} {[%emt 00:01:14]} Bf8 {[%clk 00:54:52]} {[%emt 00:28:14]} 10.
Bxc6 {[%clk 00:57:36]} {[%emt 00:19:40]} dxc6 {[%clk 00:54:37]} {[%emt
00:00:25]} 11. Nd4 {[%clk 00:55:14]} {[%emt 00:02:32]} Ne6 {[%clk 00:46:22]}
{[%emt 00:08:26]} 12. Be3 {[%clk 00:53:54]} {[%emt 00:01:29]} Nxd4 {[%clk
00:44:43]} {[%emt 00:01:50]} 13. Bxd4 {[%clk 00:53:54]} {[%emt 00:00:07]} Bf5
{[%clk 00:42:53]} {[%emt 00:01:56]} 14. c3 {[%clk 00:42:02]} {[%emt 00:12:05]}
Qd7 {[%clk 00:41:36]} {[%emt 00:01:27]} 15. Nd2 {[%clk 00:38:56]} {[%emt
00:03:17]} c5 {[%clk 00:39:40]} {[%emt 00:02:06]} 16. Be3 {[%clk 00:38:32]}
{[%emt 00:00:34]} O-O-O {[%clk 00:39:05]} {[%emt 00:00:44]} 17. Re1 {[%clk
00:35:34]} {[%emt 00:03:07]} Qc6 {[%clk 00:31:34]} {[%emt 00:07:40]} 18. Qf3
{[%clk 00:32:20]} {[%emt 00:03:25]} Qxf3 {[%clk 00:30:36]} {[%emt 00:01:09]} 19.
Nxf3 {[%clk 00:26:02]} {[%emt 00:06:27]} Be7 {[%clk 00:28:26]} {[%emt
00:02:20]} 1/2-1/2

[Event "2024 National Middle School Championship"]
[Site "Atlanta, Georgia, United States"]
[Date "2024.05.12"]
[Round "6.3"]
[White "Wang, Isaac"]
[Black "Das, Aditeya"]
[Result "1-0"]
[TimeControl "G/90;d10"]
[WhiteElo "2326"]
[BlackElo "2120"]

1. d4 {[%clk 01:30:00]} {[%emt 00:00:02]} d5 {[%clk 01:23:06]} {[%emt
00:07:05]} 2. c4 {[%clk 01:30:00]} {[%emt 00:00:05]} c6 {[%clk 01:23:06]}
{[%emt 00:00:05]} 3. Nc3 {[%clk 01:30:00]} {[%emt 00:00:04]} Nf6 {[%clk
01:23:06]} {[%emt 00:00:04]} 4. Nf3 {[%clk 01:30:00]} {[%emt 00:00:04]} dxc4
{[%clk 01:23:06]} {[%emt 00:00:07]} 5. e4 {[%clk 01:29:52]} {[%emt 00:00:18]}
b5 {[%clk 01:23:06]} {[%emt 00:00:04]} 6. Be2 {[%clk 01:29:52]} {[%emt
00:00:08]} e6 {[%clk 01:23:06]} {[%emt 00:00:03]} 7. a4 {[%clk 01:28:57]}
{[%emt 00:01:05]} b4 {[%clk 01:23:06]} {[%emt 00:00:09]} 8. e5 {[%clk
01:28:57]} {[%emt 00:00:09]} bxc3 {[%clk 01:11:10]} {[%emt 00:12:06]} 9. exf6
{[%clk 01:28:57]} {[%emt 00:00:06]} cxb2 {[%clk 01:11:01]} {[%emt 00:00:19]} 10.
fxg7 {[%clk 01:28:54]} {[%emt 00:00:14]} bxa1=Q {[%emt 00:05:46]} 11. gxh8=Q
{[%clk 01:28:37]} {[%emt 00:00:24]} Qa5+ {[%clk 01:05:28]} {[%emt 00:00:02]} 12.
Nd2 {[%clk 01:28:15]} {[%emt 00:00:32]} c3 {[%clk 01:00:19]} {[%emt 00:05:19]}
13. O-O {[%clk 01:27:40]} {[%emt 00:00:44]} cxd2 {[%clk 00:56:35]} {[%emt
00:03:54]} 14. Bxd2 {[%clk 01:27:40]} {[%emt 00:00:06]} Qxd1 {[%clk 00:56:06]}
{[%emt 00:00:39]} 15. Rxd1 {[%clk 01:27:40]} {[%emt 00:00:04]} Qxa4 {[%clk
00:44:44]} {[%emt 00:11:33]} 16. Bh5 {[%clk 01:25:41]} {[%emt 00:02:10]} Qc2
{[%clk 00:43:03]} {[%emt 00:01:51]} 17. Qf6 {[%clk 01:02:30]} {[%emt 00:23:20]}
Qf5 {[%clk 00:36:13]} {[%emt 00:07:00]} 18. Bxf7+ {[%clk 01:01:45]} {[%emt
00:00:55]} Kd7 {[%clk 00:36:13]} {[%emt 00:00:07]} 19. Bxe6+ {[%clk 01:01:41]}
{[%emt 00:00:14]} Qxe6 {[%clk 00:36:13]} {[%emt 00:00:02]} 20. Qxf8 {[%clk
01:01:41]} {[%emt 00:00:07]} Qb3 {[%clk 00:31:16]} {[%emt 00:05:08]} 21. Qg7+
{[%clk 00:59:46]} {[%emt 00:02:06]} Kd6 {[%clk 00:30:10]} {[%emt 00:01:15]} 22.
Bf4+ {[%clk 00:59:27]} {[%emt 00:00:29]} 1-0

[Event "2024 National Middle School Championship"]
[Site "Atlanta, Georgia, United States"]
[Date "2024.05.12"]
[Round "6.4"]
[White "Harish, Neeraj"]
[Black "Casares, Santiago De Jesus"]
[Result "1-0"]
[TimeControl "G/90;d10"]
[WhiteElo "2294"]
[BlackElo "2114"]

1. e4 {[%clk 01:30:00]} {[%emt 00:00:03]} c5 {[%clk 01:19:56]} {[%emt
00:10:14]} 2. Nf3 {[%clk 01:30:00]} {[%emt 00:00:07]} Nc6 {[%emt 00:00:12]} 3.
d4 {[%clk 01:30:00]} cxd4 {[%clk 01:19:56]} {[%emt 00:00:04]} 4. Nxd4 {[%clk
01:30:00]} {[%emt 00:00:06]} Nf6 {[%clk 01:19:56]} {[%emt 00:00:04]} 5. Nc3
{[%clk 01:30:00]} {[%emt 00:00:06]} e5 {[%clk 01:19:56]} {[%emt 00:00:06]} 6.
Ndb5 {[%clk 01:30:00]} {[%emt 00:00:11]} d6 {[%clk 01:19:56]} {[%emt 00:00:07]}
7. Nd5 {[%clk 01:29:18]} {[%emt 00:00:52]} Nxd5 {[%clk 01:19:54]} {[%emt
00:00:12]} 8. exd5 {[%clk 01:29:18]} {[%emt 00:00:06]} Nb8 {[%clk 01:19:54]}
{[%emt 00:00:03]} 9. a4 {[%clk 01:29:14]} {[%emt 00:00:15]} Be7 {[%clk
01:19:54]} {[%emt 00:00:08]} 10. Be2 {[%clk 01:28:04]} {[%emt 00:01:20]} O-O
{[%clk 01:19:54]} {[%emt 00:00:07]} 11. O-O {[%clk 01:28:04]} {[%emt 00:00:05]}
Nd7 {[%clk 01:18:31]} {[%emt 00:01:33]} 12. b4 {[%clk 01:27:09]} {[%emt
00:01:06]} a6 {[%clk 01:18:08]} {[%emt 00:00:33]} 13. Na3 {[%clk 01:27:06]}
{[%emt 00:00:12]} f5 {[%clk 01:17:59]} {[%emt 00:00:19]} 14. a5 {[%clk
01:26:52]} {[%emt 00:00:25]} f4 {[%clk 01:15:44]} {[%emt 00:02:24]} 15. f3
{[%clk 01:24:55]} {[%emt 00:02:08]} Rf6 {[%clk 00:59:04]} {[%emt 00:16:50]} 16.
Bd3 {[%clk 01:14:21]} {[%emt 00:10:44]} Rh6 {[%clk 00:52:58]} {[%emt 00:06:15]}
17. c4 {[%clk 01:13:13]} {[%emt 00:01:18]} Bh4 {[%clk 00:47:07]} {[%emt
00:06:00]} 18. g3 {[%clk 01:06:05]} {[%emt 00:07:19]} Bg5 {[%clk 00:45:24]}
{[%emt 00:01:52]} 19. Ra2 {[%clk 01:02:18]} {[%emt 00:03:59]} fxg3 {[%clk
00:43:42]} {[%emt 00:01:52]} 20. hxg3 {[%clk 01:02:17]} {[%emt 00:00:11]} b6
{[%clk 00:43:21]} {[%emt 00:00:31]} 21. Nc2 {[%clk 00:49:43]} {[%emt 00:12:43]}
bxa5 {[%clk 00:42:49]} {[%emt 00:00:42]} 22. Rxa5 {[%clk 00:49:21]} {[%emt
00:00:32]} Bxc1 {[%clk 00:39:37]} {[%emt 00:03:22]} 23. Qxc1 {[%clk 00:49:21]}
{[%emt 00:00:07]} Nc5 {[%clk 00:39:34]} {[%emt 00:00:12]} 24. Ra3 {[%clk
00:42:31]} {[%emt 00:07:00]} Nxd3 {[%clk 00:39:24]} {[%emt 00:00:19]} 25. Rxd3
{[%clk 00:42:31]} {[%emt 00:00:07]} Rg6 {[%clk 00:34:15]} {[%emt 00:05:20]} 26.
Kf2 {[%clk 00:38:38]} {[%emt 00:04:03]} Bf5 {[%clk 00:31:13]} {[%emt 00:03:11]}
27. Rc3 {[%clk 00:38:29]} {[%emt 00:00:19]} a5 {[%clk 00:29:46]} {[%emt
00:01:39]} 28. b5 {[%clk 00:35:50]} {[%emt 00:02:48]} Qf6 {[%clk 00:27:54]}
{[%emt 00:02:02]} 29. Qe3 {[%clk 00:33:22]} {[%emt 00:02:38]} Rf8 {[%clk
00:27:39]} {[%emt 00:00:25]} 30. b6 {[%clk 00:31:09]} {[%emt 00:02:23]} Rh6
{[%clk 00:27:10]} {[%emt 00:00:39]} 31. Ne1 {[%clk 00:28:09]} {[%emt 00:03:10]}
a4 {[%clk 00:20:14]} {[%emt 00:07:07]} 32. Ng2 {[%clk 00:20:41]} {[%emt
00:07:37]} e4 {[%clk 00:19:02]} {[%emt 00:01:22]} 33. f4 {[%clk 00:17:50]}
{[%emt 00:03:01]} Rb8 {[%clk 00:09:01]} {[%emt 00:10:11]} 34. Rb1 {[%clk
00:13:06]} {[%emt 00:04:54]} Rb7 {[%clk 00:09:01]} {[%emt 00:00:04]} 35. Ra3
{[%clk 00:12:18]} {[%emt 00:00:58]} Bd7 {[%clk 00:04:58]} {[%emt 00:04:14]} 36.
Qxe4 {[%clk 00:10:02]} {[%emt 00:02:25]} Kf7 {[%clk 00:04:50]} {[%emt
00:00:18]} 37. Re3 {[%clk 00:09:07]} {[%emt 00:01:05]} a3 {[%clk 00:04:39]}
{[%emt 00:00:22]} 38. Ra1 {[%clk 00:05:50]} {[%emt 00:03:27]} Rxb6 {[%clk
00:04:37]} {[%emt 00:00:12]} 39. Raxa3 {[%clk 00:05:50]} {[%emt 00:00:09]} Rb7
{[%clk 00:03:35]} {[%emt 00:01:11]} 40. Ra2 {[%clk 00:05:35]} {[%emt 00:00:25]}
Rb2+ {[%clk 00:02:52]} {[%emt 00:00:53]} 41. Rxb2 {[%clk 00:05:34]} {[%emt
00:00:11]} Qxb2+ {[%clk 00:02:52]} 42. Re2 {[%clk 00:05:34]} {[%emt 00:00:03]}
Qf6 {[%clk 00:02:52]} {[%emt 00:00:03]} 43. g4 {[%clk 00:05:21]} {[%emt
00:00:24]} g5 {[%clk 00:02:27]} {[%emt 00:00:35]} 44. f5 {[%clk 00:04:39]}
{[%emt 00:00:52]} Rh1 {[%clk 00:02:24]} {[%emt 00:00:13]} 45. Qe3 {[%clk
00:04:08]} {[%emt 00:00:40]} Ra1 {[%clk 00:01:54]} {[%emt 00:00:40]} 46. Ne1
{[%clk 00:04:07]} {[%emt 00:00:11]} h5 {[%clk 00:01:33]} {[%emt 00:00:32]} 47.
gxh5 {[%clk 00:03:43]} {[%emt 00:00:35]} Qxf5+ {[%clk 00:00:52]} {[%emt
00:00:50]} 48. Kg1 {[%clk 00:03:28]} {[%emt 00:00:25]} Qg4+ {[%clk 00:00:52]}
{[%emt 00:00:02]} 49. Rg2 {[%clk 00:03:28]} {[%emt 00:00:01]} Qh3 {[%clk
00:00:20]} {[%emt 00:00:42]} 50. Rf2+ {[%clk 00:03:28]} {[%emt 00:00:07]} Bf5
{[%clk 00:00:14]} {[%emt 00:00:16]} 51. Qxh3 {[%clk 00:03:28]} {[%emt
00:00:04]} Rxe1+ {[%clk 00:00:14]} 52. Kg2 {[%clk 00:03:28]} {[%emt 00:00:02]}
1-0

[Event "2024 National Middle School Championship"]
[Site "Atlanta, Georgia, United States"]
[Date "2024.05.12"]
[Round "6.5"]
[White "Patel, Maahir"]
[Black "Guo, Ethan"]
[Result "0-1"]
[TimeControl "G/90;d10"]
[WhiteElo "2071"]
[BlackElo "2291"]

1. e4 {[%clk 01:28:09]} {[%emt 00:02:00]} c5 {[%clk 01:26:46]} {[%emt
00:03:26]} 2. Nf3 {[%clk 01:28:05]} {[%emt 00:00:13]} d6 {[%clk 01:26:46]}
{[%emt 00:00:04]} 3. Bb5+ {[%clk 01:28:04]} {[%emt 00:00:10]} Nd7 {[%clk
01:26:46]} {[%emt 00:00:04]} 4. O-O {[%clk 01:28:04]} {[%emt 00:00:06]} a6
{[%clk 01:26:46]} {[%emt 00:00:04]} 5. Bd3 {[%clk 01:28:04]} {[%emt 00:00:04]}
Ngf6 {[%clk 01:26:46]} {[%emt 00:00:05]} 6. Re1 {[%clk 01:28:04]} {[%emt
00:00:05]} e6 {[%clk 01:26:46]} {[%emt 00:00:07]} 7. Bf1 {[%clk 01:28:04]}
{[%emt 00:00:05]} Be7 {[%clk 01:26:46]} {[%emt 00:00:08]} 8. c4 {[%clk
01:27:34]} {[%emt 00:00:40]} Ne5 {[%clk 01:26:14]} {[%emt 00:00:42]} 9. Nc3
{[%clk 01:27:25]} {[%emt 00:00:18]} O-O {[%clk 01:26:08]} {[%emt 00:00:16]} 10.
d4 {[%clk 01:26:13]} {[%emt 00:01:23]} Nxf3+ {[%clk 01:25:53]} {[%emt
00:00:25]} 11. gxf3 {[%clk 01:26:13]} {[%emt 00:00:02]} Qc7 {[%clk 01:17:16]}
{[%emt 00:08:46]} 12. d5 {[%clk 01:24:53]} {[%emt 00:01:30]} e5 {[%clk
01:17:11]} {[%emt 00:00:15]} 13. f4 {[%clk 01:21:54]} {[%emt 00:03:10]} exf4
{[%clk 01:12:26]} {[%emt 00:04:55]} 14. Bxf4 {[%clk 01:20:24]} {[%emt
00:01:39]} Nd7 {[%clk 01:11:09]} {[%emt 00:01:28]} 15. Bg3 {[%clk 01:11:06]}
{[%emt 00:09:28]} Bf6 {[%clk 01:09:38]} {[%emt 00:01:41]} 16. f4 {[%clk
01:07:31]} {[%emt 00:03:44]} Bd4+ {[%clk 01:08:37]} {[%emt 00:01:11]} 17. Kh1
{[%clk 01:06:45]} {[%emt 00:00:56]} f5 {[%clk 01:05:39]} {[%emt 00:03:08]} 18.
exf5 {[%clk 01:03:19]} {[%emt 00:03:37]} Rxf5 {[%clk 01:04:10]} {[%emt
00:01:39]} 19. Bd3 {[%clk 01:03:19]} {[%emt 00:00:08]} Rf8 {[%clk 01:03:42]}
{[%emt 00:00:38]} 20. Qc2 {[%clk 00:51:19]} {[%emt 00:12:10]} h6 {[%clk
00:59:23]} {[%emt 00:04:28]} 21. Ne2 {[%clk 00:46:47]} {[%emt 00:04:42]} Bf6
{[%clk 00:59:14]} {[%emt 00:00:20]} 22. Ng1 {[%clk 00:46:10]} {[%emt 00:00:46]}
Rb8 {[%clk 00:57:44]} {[%emt 00:01:41]} 23. Rab1 {[%clk 00:45:26]} {[%emt
00:00:54]} b5 {[%clk 00:57:36]} {[%emt 00:00:18]} 24. b3 {[%clk 00:39:30]}
{[%emt 00:06:06]} b4 {[%clk 00:53:57]} {[%emt 00:03:48]} 25. Qe2 {[%clk
00:38:22]} {[%emt 00:01:17]} Bc3 {[%clk 00:52:53]} {[%emt 00:01:15]} 26. Qe6+
{[%clk 00:36:33]} {[%emt 00:01:59]} Kh8 {[%clk 00:52:53]} {[%emt 00:00:08]} 27.
Qg6 {[%clk 00:36:09]} {[%emt 00:00:33]} Nf6 {[%clk 00:52:44]} {[%emt 00:00:20]}
28. Bh4 {[%clk 00:27:28]} {[%emt 00:08:51]} Bxe1 {[%clk 00:50:47]} {[%emt
00:02:06]} 29. Bxf6 {[%clk 00:26:36]} {[%emt 00:01:03]} gxf6 {[%clk 00:50:47]}
{[%emt 00:00:05]} 30. Qxh6+ {[%clk 00:26:28]} {[%emt 00:00:17]} Kg8 {[%clk
00:50:47]} {[%emt 00:00:06]} 31. Rxe1 {[%clk 00:25:56]} {[%emt 00:00:42]} Qg7
{[%clk 00:50:39]} {[%emt 00:00:18]} 32. Qh4 {[%clk 00:25:13]} {[%emt 00:00:53]}
Rb7 {[%clk 00:48:19]} {[%emt 00:02:31]} 33. Re3 {[%clk 00:19:50]} {[%emt
00:05:32]} Qh8 {[%clk 00:47:23]} {[%emt 00:01:06]} 34. Qf2 {[%clk 00:19:50]}
{[%emt 00:00:09]} Rg7 {[%clk 00:46:54]} {[%emt 00:00:38]} 35. Nf3 {[%clk
00:18:50]} {[%emt 00:01:11]} Qh5 {[%clk 00:44:48]} {[%emt 00:02:16]} 36. Qh4
{[%clk 00:17:01]} {[%emt 00:01:58]} Qxh4 {[%clk 00:42:55]} {[%emt 00:02:05]} 37.
Nxh4 {[%clk 00:17:01]} {[%emt 00:00:08]} f5 {[%clk 00:42:39]} {[%emt 00:00:26]}
38. h3 {[%clk 00:15:18]} {[%emt 00:01:52]} Bd7 {[%clk 00:40:19]} {[%emt
00:02:30]} 39. Nf3 {[%clk 00:15:05]} {[%emt 00:00:23]} Kf7 {[%clk 00:36:06]}
{[%emt 00:04:23]} 40. Ng5+ {[%clk 00:14:51]} {[%emt 00:00:24]} Kf6 {[%clk
00:34:04]} {[%emt 00:02:12]} 41. h4 {[%clk 00:14:35]} {[%emt 00:00:26]} Rh8
{[%clk 00:33:26]} {[%emt 00:00:48]} 42. Rh3 {[%clk 00:14:34]} {[%emt 00:00:11]}
Re7 {[%clk 00:33:21]} {[%emt 00:00:13]} 43. Rh2 {[%clk 00:14:09]} {[%emt
00:00:37]} Re1+ {[%clk 00:32:27]} {[%emt 00:01:04]} 44. Kg2 {[%clk 00:14:09]}
{[%emt 00:00:05]} Rd1 {[%clk 00:32:27]} {[%emt 00:00:06]} 45. Be2 {[%clk
00:14:09]} {[%emt 00:00:09]} Rd2 {[%clk 00:32:27]} {[%emt 00:00:08]} 46. Kf3
{[%clk 00:14:09]} {[%emt 00:00:04]} Rxa2 {[%clk 00:32:17]} {[%emt 00:00:20]} 47.
h5 {[%clk 00:14:09]} {[%emt 00:00:05]} Rh6 {[%clk 00:32:01]} {[%emt 00:00:26]}
48. Ke3 {[%clk 00:14:09]} {[%emt 00:00:06]} Rb2 {[%emt 00:01:02]} 0-1